[Event "Monarch Assurance Isle of Man 8th"]
[Site "Port Erin IOM"]
[Date "1999.11.08"]
[Round "3"]
[White "Allen, Keith"]
[Black "Taylor, Peter"]
[Result "1-0"]
[WhiteElo "2233"]
[BlackElo "2164"]
[PlyCount "93"]
[EventDate "1999.11.06"]
[EventType "swiss"]
[EventRounds "9"]
[EventCountry "IOM"]

1. d4 d5 2. c4 c6 3. Nf3 Nf6 4. Nc3 a6 5. e3 b5 6. b3 Bg4 7. Be2 e6 8. O-O Nbd7
9. h3 Bh5 10. a3 Be7 11. Qc2 Rc8 12. c5 O-O 13. b4 Qc7 14. Bb2 Bxf3 15. Bxf3 e5
16. a4 e4 17. Be2 Ne8 18. axb5 axb5 19. Bxb5 cxb5 20. Nxd5 Qd8 21. Qxe4 Bf6 22.
Qd3 Rb8 23. Rfd1 Nc7 24. Nc3 Qe7 25. Ra7 Rfc8 26. Ra5 Ra8 27. Rda1 Rxa5 28.
Rxa5 Qe6 29. Nxb5 Nxb5 30. Qxb5 Qf5 31. Qe2 Qb1+ 32. Kh2 Rb8 33. Ra1 Qe4 34. b5
h6 35. b6 Qc6 36. Ra2 Be7 37. Qg4 Bf6 38. e4 Nxc5 39. dxc5 Bxb2 40. Rxb2 Qxc5
41. Qf5 Qd6+ 42. e5 Qd4 43. Qb1 Qxe5+ 44. g3 g6 45. Qc2 Kh7 46. b7 Qd5 47. Qc7
1-0

[Event "Monarch Assurance Isle of Man 8th"]
[Site "Port Erin IOM"]
[Date "1999.11.08"]
[Round "3"]
[White "Benson, Paul"]
[Black "Kristensen, Bjarke"]
[Result "0-1"]
[WhiteElo "2067"]
[BlackElo "2406"]
[PlyCount "46"]
[EventDate "1999.11.06"]
[EventType "swiss"]
[EventRounds "9"]
[EventCountry "IOM"]

1. d4 f5 2. Nc3 Nf6 3. Bg5 Ne4 4. Nxe4 fxe4 5. f3 c5 6. dxc5 Na6 7. Qd2 Nxc5 8.
O-O-O b6 9. Nh3 Bb7 10. Nf2 Rc8 11. fxe4 Qc7 12. e3 Bxe4 13. c3 Bg6 14. e4 e6
15. h4 h6 16. Bf4 Qc6 17. Qd4 Rg8 18. Be2 Be7 19. Bf3 Qb5 20. Rd2 Bf6 21. Be2
Qxe2 22. Rxe2 Bxd4 23. cxd4 Nd3+ 0-1

[Event "Monarch Assurance Isle of Man 8th"]
[Site "Port Erin IOM"]
[Date "1999.11.08"]
[Round "3"]
[White "Bourne, James"]
[Black "Nieminen, Kari"]
[Result "1/2-1/2"]
[WhiteElo "2105"]
[BlackElo "2230"]
[PlyCount "67"]
[EventDate "1999.11.06"]
[EventType "swiss"]
[EventRounds "9"]
[EventCountry "IOM"]

1. d4 Nf6 2. Nf3 e6 3. c4 b6 4. Nc3 Bb4 5. Bg5 Bb7 6. e3 h6 7. Bh4 g5 8. Bg3
Ne4 9. Qc2 Bxc3+ 10. bxc3 Nxg3 11. hxg3 g4 12. Ne5 Qg5 13. Rh4 f5 14. O-O-O d6
15. Qa4+ Ke7 16. Nd3 c5 17. Nf4 Nd7 18. Rh5 Qg7 19. d5 Qxc3+ 20. Kb1 Nf8 21.
dxe6 Nxe6 22. Rxf5 Nxf4 23. Rxf4 Rhf8 24. Bd3 Rxf4 25. gxf4 Bxg2 26. Bf5 Rd8
27. Qxa7+ Kf6 28. Bc2 Qb4+ 29. Kc1 Bf3 30. Qh7 Qc3 31. Qxh6+ Ke7 32. Qh7+ Kf8
33. Qf5+ Ke7 34. Qh7+ 1/2-1/2

[Event "Monarch Assurance Isle of Man 8th"]
[Site "Port Erin IOM"]
[Date "1999.11.08"]
[Round "3"]
[White "Coleman, David"]
[Black "Goodger, Martyn"]
[Result "1-0"]
[WhiteElo "2240"]
[BlackElo "2185"]
[PlyCount "97"]
[EventDate "1999.11.06"]
[EventType "swiss"]
[EventRounds "9"]
[EventCountry "IOM"]

1. e4 d5 2. exd5 Nf6 3. Nf3 Nxd5 4. d4 g6 5. Be2 Bg7 6. O-O O-O 7. c4 Nb6 8. h3
Nc6 9. Be3 e5 10. d5 Ne7 11. Nc3 Bd7 12. a4 Nf5 13. Bg5 f6 14. Bc1 Kh8 15. c5
Nc8 16. Qb3 b6 17. Ne4 bxc5 18. Nxc5 Ncd6 19. Rd1 e4 20. Nd4 Nxd4 21. Rxd4 f5
22. Rd1 Rb8 23. Qc2 Bc8 24. Bf1 Be5 25. Rb1 Re8 26. b4 Qf6 27. Bb2 Bxb2 28.
Qxb2 Qxb2 29. Rxb2 Kg7 30. Ba6 Rb6 31. Bxc8 Rxc8 32. b5 Kf7 33. Rc1 Nb7 34.
Rbc2 Nxc5 35. Rxc5 Rb7 36. d6 Ke6 37. Rc6 Kd7 38. Kf1 Ra8 39. Rxc7+ Rxc7 40.
Rxc7+ Kxd6 41. Rxh7 Kc5 42. Rg7 Kb4 43. Rxg6 Kxa4 44. b6 Kb4 45. bxa7 Rxa7 46.
Rf6 Ra1+ 47. Ke2 Ra2+ 48. Ke3 f4+ 49. Rxf4 1-0

[Event "Monarch Assurance Isle of Man 8th"]
[Site "Port Erin IOM"]
[Date "1999.11.08"]
[Round "3"]
[White "Giddins, Stephen"]
[Black "Winfridsson, Hakan"]
[Result "1-0"]
[WhiteElo "2376"]
[BlackElo "2045"]
[PlyCount "83"]
[EventDate "1999.11.06"]
[EventType "swiss"]
[EventRounds "9"]
[EventCountry "IOM"]

1. Nf3 Nf6 2. c4 g6 3. Nc3 d5 4. cxd5 Nxd5 5. e4 Nxc3 6. dxc3 Qxd1+ 7. Kxd1 Nd7
8. Bf4 c6 9. Kc2 Bg7 10. Nd2 b6 11. a4 e5 12. Be3 f5 13. Nc4 f4 14. Bd2 Nc5 15.
f3 Be6 16. b4 Nd7 17. Be1 Kd8 18. Be2 Kc7 19. Bf2 Rhd8 20. Bh4 Re8 21. Rhd1
Bxc4 22. Bxc4 Bf6 23. Bf2 Nf8 24. b5 Nd7 25. a5 Red8 26. bxc6 Nc5 27. Rxd8 Rxd8
28. axb6+ axb6 29. Bd5 Be7 30. Ra7+ Kd6 31. g3 g5 32. g4 h6 33. h3 Bf8 34. Rh7
Be7 35. Rxh6+ Kc7 36. Rh7 Kd6 37. h4 gxh4 38. Bxh4 Bxh4 39. Rxh4 Ra8 40. Rh6+
Ke7 41. g5 Rc8 42. Rh7+ 1-0

[Event "Monarch Assurance Isle of Man 8th"]
[Site "Port Erin IOM"]
[Date "1999.11.08"]
[Round "3"]
[White "Gill, Neville"]
[Black "Maki-Uuro, Miikka"]
[Result "1/2-1/2"]
[WhiteElo "2040"]
[BlackElo "2363"]
[PlyCount "45"]
[EventDate "1999.11.06"]
[EventType "swiss"]
[EventRounds "9"]
[EventCountry "IOM"]

1. Nf3 Nf6 2. c4 e6 3. Nc3 Bb4 4. Qb3 c5 5. g3 Bxc3 6. Qxc3 b6 7. Bg2 Bb7 8.
O-O O-O 9. b3 d6 10. d4 Nbd7 11. Bb2 Qe7 12. Rad1 Rad8 13. Rfe1 a6 14. d5 e5
15. e4 Ne8 16. Re2 g6 17. Ne1 h5 18. Nd3 h4 19. f4 hxg3 20. hxg3 f6 21. Bh3 Nc7
22. Rf1 Kg7 23. Qe1 1/2-1/2

[Event "Monarch Assurance Isle of Man 8th"]
[Site "Port Erin IOM"]
[Date "1999.11.08"]
[Round "3"]
[White "Hank, Holger"]
[Black "Ryan, Joe"]
[Result "0-1"]
[WhiteElo "2063"]
[BlackElo "2280"]
[PlyCount "38"]
[EventDate "1999.11.06"]
[EventType "swiss"]
[EventRounds "9"]
[EventCountry "IOM"]

1. d4 d6 2. g3 f5 3. Bg2 Nf6 4. Nf3 g6 5. c3 Bg7 6. Qb3 c6 7. Nbd2 e6 8. O-O
Qe7 9. Ne1 e5 10. dxe5 dxe5 11. e4 Be6 12. Qa4 f4 13. Nd3 Qd6 14. Qb4 Qxd3 15.
gxf4 Nbd7 16. fxe5 Nxe5 17. Qxb7 O-O 18. Nb3 Bh3 19. Nc5 Nf3+ 0-1

[Event "Monarch Assurance Isle of Man 8th"]
[Site "Port Erin IOM"]
[Date "1999.11.08"]
[Round "3"]
[White "Hebden, Mark"]
[Black "Lalic, Bogdan"]
[Result "1/2-1/2"]
[WhiteElo "2510"]
[BlackElo "2550"]
[PlyCount "66"]
[EventDate "1999.11.06"]
[EventType "swiss"]
[EventRounds "9"]
[EventCountry "IOM"]

1. d4 Nf6 2. Nf3 g6 3. Nc3 d5 4. Bf4 Bg7 5. e3 O-O 6. Be2 c5 7. Ne5 Nc6 8. O-O
cxd4 9. exd4 Qb6 10. Nxc6 bxc6 11. Na4 Qa5 12. c3 Nd7 13. b4 Qd8 14. Qd2 e5 15.
Bh6 Bxh6 16. Qxh6 Qf6 17. Qe3 exd4 18. cxd4 a5 19. b5 Bb7 20. Rac1 Rfe8 21. Qd2
Qe7 22. Rfe1 Qb4 23. Nc3 a4 24. Red1 a3 25. h4 Qd6 26. h5 Nf6 27. h6 Kh8 28.
bxc6 Bxc6 29. Re1 Ng8 30. Bb5 Rxe1+ 31. Rxe1 Bxb5 32. Nxb5 Qf8 33. Nc7 Rd8
1/2-1/2

[Event "Monarch Assurance Isle of Man 8th"]
[Site "Port Erin IOM"]
[Date "1999.11.08"]
[Round "3"]
[White "Hill, David"]
[Black "Spanton, Tim"]
[Result "1/2-1/2"]
[WhiteElo "2024"]
[BlackElo "2147"]
[PlyCount "132"]
[EventDate "1999.11.06"]
[EventType "swiss"]
[EventRounds "9"]
[EventCountry "IOM"]

1. d4 Nf6 2. Nf3 d5 3. c4 e6 4. g3 c5 5. cxd5 Nxd5 6. Bg2 Nc6 7. O-O Be7 8. Nc3
Nxc3 9. bxc3 O-O 10. Rb1 Qa5 11. Qc2 Rd8 12. Rd1 Rb8 13. Ng5 Bxg5 14. Bxg5 f6
15. Bxf6 gxf6 16. Bxc6 Qc7 17. Be4 f5 18. Bf3 cxd4 19. Qd2 Qg7 20. cxd4 e5 21.
Qa5 b6 22. Qxe5 Qxe5 23. dxe5 Be6 24. a3 Kf7 25. e4 Rxd1+ 26. Rxd1 Rc8 27. Kg2
Rc3 28. a4 Rc5 29. exf5 Bxf5 30. Rd5 Ke6 31. Rxc5 bxc5 32. Kf1 Kxe5 33. Ke1 Kd4
34. Kd2 c4 35. Bd1 c3+ 36. Kc1 h6 37. h4 Bd7 38. g4 a5 39. g5 hxg5 40. hxg5 Ke4
41. g6 Kf5 42. Bc2+ Kf6 43. Kd1 Bg4+ 44. Ke1 Bf3 45. Kf1 Kg7 46. Kg1 Bh5 47.
Kf1 Bf3 48. Kg1 Bh5 49. f4 Bxg6 50. f5 Be8 51. Kf2 Kf6 52. Ke3 Ke5 53. Ke2 Kd4
54. Kd1 Bf7 55. Ke2 Bh5+ 56. Ke1 Kc4 57. f6 Kb4 58. Kf2 Ka3 59. Ke3 Kb2 60. Bd3
c2 61. Bxc2 Kxc2 62. Kd4 Kb3 63. Kd3 Bg6+ 64. Kd2 Kxa4 65. f7 Bxf7 66. Kc2 Ka3
1/2-1/2

[Event "Monarch Assurance Isle of Man 8th"]
[Site "Port Erin IOM"]
[Date "1999.11.08"]
[Round "3"]
[White "Hunt, Adam"]
[Black "Naes, Flovin Tor"]
[Result "1-0"]
[WhiteElo "2288"]
[BlackElo "2222"]
[PlyCount "79"]
[EventDate "1999.11.06"]
[EventType "swiss"]
[EventRounds "9"]
[EventCountry "IOM"]

1. e4 e5 2. Nf3 Nc6 3. Bb5 a6 4. Ba4 Nf6 5. O-O Nxe4 6. d4 b5 7. Bb3 d5 8. dxe5
Be6 9. Be3 Be7 10. c3 O-O 11. Nbd2 Nxd2 12. Qxd2 Na5 13. Rfd1 Nc4 14. Bxc4 bxc4
15. Nd4 Qd7 16. f4 c5 17. Nf3 Rfb8 18. Qf2 Rb5 19. b3 cxb3 20. c4 b2 21. Rab1
Rb7 22. cxd5 Bxd5 23. Bxc5 Bxc5 24. Qxc5 Rc8 25. Qxd5 Qxd5 26. Rxd5 Rc1+ 27.
Kf2 g5 28. Nd2 gxf4 29. Kf3 Rb4 30. Rd3 a5 31. Rb3 Rd4 32. R3xb2 Rd3+ 33. Ke4
Rcc3 34. Kxf4 Rd4+ 35. Kf5 Kg7 36. Ne4 Re3 37. Nf6 a4 38. Rb8 Re2 39. R1b2 Re1
40. Rg8+ 1-0

[Event "Monarch Assurance Isle of Man 8th"]
[Site "Port Erin IOM"]
[Date "1999.11.08"]
[Round "3"]
[White "Longson, Alex"]
[Black "Rowson, Jonathan"]
[Result "0-1"]
[WhiteElo "2169"]
[BlackElo "2494"]
[PlyCount "68"]
[EventDate "1999.11.06"]
[EventType "swiss"]
[EventRounds "9"]
[EventCountry "IOM"]

1. e4 c5 2. Nc3 Nc6 3. Bb5 Nd4 4. Bc4 e6 5. Nf3 Nf6 6. O-O b5 7. Nxb5 Nxb5 8.
Bxb5 Nxe4 9. d4 Qb6 10. Qd3 Nd6 11. dxc5 Qxb5 12. cxd6 Qxd3 13. cxd3 Bxd6 14.
Be3 Ba6 15. Rfd1 Ke7 16. a3 Rhc8 17. Rd2 Rc7 18. Bd4 Bf4 19. Be3 Bd6 20. Bd4 f6
21. Bc3 Bf4 22. Rdd1 Kf7 23. Bb4 Rac8 24. g3 Bh6 25. Bc3 e5 26. Nh4 g6 27. d4
e4 28. Ng2 d5 29. Ne3 Ke6 30. Ba5 Rc6 31. Bb4 Be2 32. Re1 Bxe3 33. fxe3 Rc2 34.
b3 Bf3 0-1

[Event "Monarch Assurance Isle of Man 8th"]
[Site "Port Erin IOM"]
[Date "1999.11.08"]
[Round "3"]
[White "Marusenko, Petr"]
[Black "Kiriakov, Petr"]
[Result "0-1"]
[WhiteElo "2406"]
[BlackElo "2554"]
[PlyCount "62"]
[EventDate "1999.11.06"]
[EventType "swiss"]
[EventRounds "9"]
[EventCountry "IOM"]

1. e4 e6 2. Qe2 Be7 3. d3 d5 4. g3 Nf6 5. Bg2 O-O 6. e5 Nfd7 7. f4 b5 8. Nf3 c5
9. O-O Nc6 10. Nbd2 a5 11. Re1 b4 12. Nf1 a4 13. a3 bxa3 14. bxa3 Rb8 15. f5
exf5 16. e6 Nf6 17. exf7+ Rxf7 18. Ng5 Nd4 19. Qf2 Rf8 20. Nf3 Ng4 21. Qd2 Bf6
22. Ra2 Kh8 23. Qf4 Rb1 24. h3 Re8 25. Rxe8+ Qxe8 26. c3 Nb3 27. Bd2 Ne5 28. d4
Nxf3+ 29. Qxf3 cxd4 30. cxd4 Nxd4 31. Qd3 Rb3 0-1

[Event "Monarch Assurance Isle of Man 8th"]
[Site "Port Erin IOM"]
[Date "1999.11.08"]
[Round "3"]
[White "McLeod, Fraser"]
[Black "Farndon, David Alexander"]
[Result "1-0"]
[WhiteElo "1832"]
[BlackElo "2238"]
[PlyCount "81"]
[EventDate "1999.11.06"]
[EventType "swiss"]
[EventRounds "9"]
[EventCountry "IOM"]

1. d4 Nf6 2. c4 g6 3. Nc3 Bg7 4. e4 d6 5. f3 O-O 6. Bg5 c5 7. d5 h6 8. Be3 e6
9. Qd2 exd5 10. cxd5 Re8 11. Nge2 h5 12. Nf4 a6 13. a4 Nbd7 14. Be2 Ne5 15. O-O
Qc7 16. Rfc1 Qe7 17. a5 h4 18. Na4 g5 19. Nd3 g4 20. Nxe5 Qxe5 21. Bf4 Qe7 22.
Nb6 gxf3 23. gxf3 Nxe4 24. fxe4 Qxe4 25. Rc4 Qg6+ 26. Kh1 Bf5 27. Bf3 Bd3 28.
Rg1 Qf5 29. Qg2 Qf6 30. Rc3 Bg6 31. Bg5 Qf5 32. Nxa8 Rxa8 33. Bxh4 Bxc3 34.
bxc3 Re8 35. Re1 Rxe1+ 36. Bxe1 Qb1 37. Qg3 Qa1 38. h4 Kh7 39. h5 Bd3 40. Qh4
Qxa5 41. Qf6 1-0

[Event "Monarch Assurance Isle of Man 8th"]
[Site "Port Erin IOM"]
[Date "1999.11.08"]
[Round "3"]
[White "Murtagh, Dermot"]
[Black "Ellison, D George"]
[Result "1-0"]
[WhiteElo "1791"]
[BlackElo "2100"]
[PlyCount "59"]
[EventDate "1999.11.06"]
[EventType "swiss"]
[EventRounds "9"]
[EventCountry "IOM"]

1. e4 c5 2. Nf3 Nc6 3. d3 e6 4. Nbd2 d5 5. g3 Bd6 6. Bg2 Nge7 7. O-O O-O 8. Nh4
f6 9. f4 Qe8 10. Re1 Qf7 11. Nhf3 Bc7 12. c3 e5 13. f5 g6 14. g4 gxf5 15. gxf5
Kh8 16. Nf1 c4 17. Ng3 Bb6+ 18. Kh1 Bf2 19. Rf1 Bxg3 20. hxg3 cxd3 21. exd5
Qxd5 22. Bh6 Rd8 23. Ng5 Qg8 24. Qh5 fxg5 25. g4 Nd5 26. f6 Qg6 27. Bg7+ Kg8
28. Bxd5+ Rxd5 29. Qxg6 hxg6 30. f7+ 1-0

[Event "Monarch Assurance Isle of Man 8th"]
[Site "Port Erin IOM"]
[Date "1999.11.08"]
[Round "3"]
[White "Nicholson, John"]
[Black "Hickman, John"]
[Result "1-0"]
[WhiteElo "2023"]
[BlackElo "2125"]
[PlyCount "37"]
[EventDate "1999.11.06"]
[EventType "swiss"]
[EventRounds "9"]
[EventCountry "IOM"]

1. e4 d6 2. Nc3 Nf6 3. f4 c6 4. Nf3 Bg4 5. h3 Bxf3 6. Qxf3 e6 7. d4 d5 8. e5
Nfd7 9. Be3 Qb6 10. O-O-O Bb4 11. f5 Bxc3 12. bxc3 g6 13. fxe6 fxe6 14. Qg4 c5
15. dxc5 Qc6 16. Bb5 Qxb5 17. Qxe6+ Kd8 18. Rxd5 Kc8 19. c6 1-0

[Event "Monarch Assurance Isle of Man 8th"]
[Site "Port Erin IOM"]
[Date "1999.11.08"]
[Round "3"]
[White "Peters, Stephen"]
[Black "Thiruchelvam, Murugan"]
[Result "1/2-1/2"]
[WhiteElo "2158"]
[BlackElo "2072"]
[PlyCount "151"]
[EventDate "1999.11.06"]
[EventType "swiss"]
[EventRounds "9"]
[EventCountry "IOM"]

1. d4 Nf6 2. c4 e6 3. Nc3 d5 4. Bg5 Be7 5. cxd5 exd5 6. e3 c6 7. Bd3 Nbd7 8.
Qc2 Nh5 9. Bxe7 Qxe7 10. Nge2 g6 11. O-O Nb6 12. Rae1 Be6 13. Kh1 O-O 14. Ng1
Ng7 15. f3 Qd7 16. Qf2 Rad8 17. Nge2 Nf5 18. g4 Nd6 19. Nf4 f5 20. g5 Rde8 21.
h4 Qg7 22. Qh2 Nf7 23. Re2 Nd8 24. Nd1 Bc8 25. Nf2 Ne6 26. N2h3 Re7 27. Nxe6
Bxe6 28. Nf4 Rfe8 29. Qg1 Bc8 30. b3 Na8 31. Bb1 Nc7 32. Nd3 Ne6 33. Ree1 Nf8
34. b4 Nd7 35. Re2 Re6 36. Nf4 R6e7 37. Nd3 Re6 38. Nf4 R6e7 39. Bc2 Nb6 40.
Bb3 Kh8 41. Rc1 Nd7 42. a3 Nf8 43. b5 Ne6 44. Nxe6 Rxe6 45. bxc6 bxc6 46. Rc3
Qe7 47. Qc1 Ba6 48. Re1 Bb7 49. f4 Re4 50. Kg2 Rxf4 51. exf4 Qxe1 52. Qxe1 Rxe1
53. Ba4 Re6 54. Rb3 Re7 55. Rc3 Rc7 56. Rc5 Kg7 57. Ra5 Ba8 58. Rc5 Kf7 59. Bb3
Rb7 60. Ba4 Rb6 61. Bc2 Ke7 62. Kf3 Kd6 63. Ke3 Rb7 64. Kd2 Re7 65. Ra5 Rd7 66.
Kc3 Rb7 67. Kd2 Kc7 68. Rc5 Kb6 69. a4 a5 70. Rc3 Re7 71. Rb3+ Kc7 72. Re3 Rxe3
73. Kxe3 Kb6 74. Kd3 c5 75. Kc3 Bc6 76. Bd1 1/2-1/2

[Event "Monarch Assurance Isle of Man 8th"]
[Site "Port Erin IOM"]
[Date "1999.11.08"]
[Round "3"]
[White "Puuska, Heini"]
[Black "Kudrin, Sergei"]
[Result "0-1"]
[WhiteElo "2035"]
[BlackElo "2525"]
[PlyCount "96"]
[EventDate "1999.11.06"]
[EventType "swiss"]
[EventRounds "9"]
[EventCountry "IOM"]

1. d4 Nf6 2. c4 g6 3. Nc3 d5 4. Nf3 Bg7 5. Bg5 Ne4 6. cxd5 Nxg5 7. Nxg5 e6 8.
Qd2 exd5 9. Qe3+ Kf8 10. g3 Bf6 11. Nf3 Kg7 12. Bg2 Re8 13. Qf4 c6 14. O-O Nd7
15. h4 Nf8 16. Rad1 Ne6 17. Qd2 Nc7 18. Rfe1 Bf5 19. Nh2 Qd7 20. e4 dxe4 21.
Nxe4 Bxe4 22. Rxe4 Rxe4 23. Bxe4 Rd8 24. Nf3 Ne6 25. d5 cxd5 26. Qa5 b6 27. Qa3
d4 28. Ne1 Nc5 29. Bc2 Qc7 30. h5 Rd5 31. hxg6 hxg6 32. Qf3 Rh5 33. Nd3 Nxd3
34. Bxd3 b5 35. Re1 Qc8 36. Qg2 a5 37. Qf1 Qc6 38. Qg2 Qc5 39. Qa8 a4 40. Kg2
Rh8 41. Qa5 Qd5+ 42. Be4 Qc4 43. a3 d3 44. Qd2 Rd8 45. f3 b4 46. axb4 Qb3 47.
Bc6 Qc2 48. Rd1 Qxc6 0-1

[Event "Monarch Assurance Isle of Man 8th"]
[Site "Port Erin IOM"]
[Date "1999.11.08"]
[Round "3"]
[White "Shneider, Aleksander"]
[Black "Paschall, William"]
[Result "1-0"]
[WhiteElo "2551"]
[BlackElo "2332"]
[PlyCount "127"]
[EventDate "1999.11.06"]
[EventType "swiss"]
[EventRounds "9"]
[EventCountry "IOM"]

1. d4 Nf6 2. c4 e6 3. Nf3 d5 4. Nc3 Be7 5. Bg5 O-O 6. e3 h6 7. Bh4 b6 8. cxd5
exd5 9. Be2 Be6 10. Ne5 Nfd7 11. Bxe7 Qxe7 12. O-O Nxe5 13. dxe5 Nc6 14. Nxd5
Bxd5 15. Qxd5 Nxe5 16. Rfd1 Rad8 17. Qe4 c5 18. f4 Ng6 19. Qxe7 Nxe7 20. Kf2
Nd5 21. a3 a5 22. Bc4 Nc7 23. a4 Rfe8 24. Ke2 Rd4 25. b3 Rxf4 26. Rd7 Ne6 27.
exf4 Nf8+ 28. Kf3 Nxd7 29. Rd1 Rd8 30. Rd6 Kf8 31. Bb5 Ke7 32. Rc6 Nf8 33. Rxb6
Ne6 34. Rb7+ Kf6 35. Bc4 Rd4 36. g3 g5 37. f5 g4+ 38. Ke3 Ng5 39. Ra7 Re4+ 40.
Kd3 Rd4+ 41. Ke3 Re4+ 42. Kd3 Rd4+ 43. Kc2 h5 44. Rxa5 Ne4 45. Bd3 Nf2 46. Ba6
Ne4 47. Bb7 Nd6 48. Bc6 h4 49. Rxc5 Nxf5 50. a5 Rd6 51. Bb7 Nd4+ 52. Kb2 Ne6
53. Rd5 Rxd5 54. Bxd5 Nc7 55. Bc4 hxg3 56. hxg3 Ke7 57. b4 f5 58. b5 f4 59. b6
fxg3 60. bxc7 g2 61. c8=Q g1=Q 62. Qe6+ Kd8 63. Qb6+ Qxb6+ 64. axb6 1-0

[Event "Monarch Assurance Isle of Man 8th"]
[Site "Port Erin IOM"]
[Date "1999.11.08"]
[Round "3"]
[White "Short, Nigel"]
[Black "Psakhis, Lev"]
[Result "1-0"]
[WhiteElo "2675"]
[BlackElo "2581"]
[PlyCount "83"]
[EventDate "1999.11.06"]
[EventType "swiss"]
[EventRounds "9"]
[EventCountry "IOM"]

1. e4 e6 2. d4 d5 3. Nc3 Bb4 4. e5 c5 5. a3 Bxc3+ 6. bxc3 Ne7 7. h4 Nbc6 8. h5
Qa5 9. Bd2 Bd7 10. Nf3 O-O-O 11. h6 gxh6 12. Bd3 c4 13. Be2 Ng8 14. Kf1 f6 15.
Qe1 fxe5 16. Nxe5 Nxe5 17. dxe5 Ne7 18. Bxh6 Rhg8 19. Bf3 Be8 20. a4 Bg6 21.
Ra2 Rd7 22. Bc1 Nc6 23. Ba3 Qxa4 24. Rh6 Qa5 25. Bg4 Re8 26. Ra1 Qa4 27. Qc1
Qa5 28. Qe1 Rf7 29. Be7 Rfxe7 30. Rxa5 Nxa5 31. Qd2 Nc6 32. Qxd5 Kb8 33. Qxc4
Rc7 34. Qf4 Ne7 35. Bxe6 Nc6 36. Bd5 Nxe5 37. c4 a6 38. Rh3 Bxc2 39. Re3 Rce7
40. Kg1 Ka8 41. c5 Bg6 42. Qf6 1-0

[Event "Monarch Assurance Isle of Man 8th"]
[Site "Port Erin IOM"]
[Date "1999.11.08"]
[Round "3"]
[White "Sutovsky, Emil"]
[Black "Fraser-Mitchell, Jeremy"]
[Result "1-0"]
[WhiteElo "2587"]
[BlackElo "2066"]
[PlyCount "40"]
[EventDate "1999.11.06"]
[EventType "swiss"]
[EventRounds "9"]
[EventCountry "IOM"]

1. e4 e6 2. d4 d5 3. Nc3 Bb4 4. e5 c5 5. a3 Bxc3+ 6. bxc3 Qc7 7. Qg4 f6 8. Nf3
c4 9. Be2 Nc6 10. Qg3 Qf7 11. exf6 gxf6 12. O-O Nge7 13. Nh4 Bd7 14. Qc7 b6 15.
a4 Na5 16. Ba3 Nec6 17. Nf5 exf5 18. Rfe1 Ne5 19. dxe5 fxe5 20. Qxe5+ Kd8 1-0

[Event "Monarch Assurance Isle of Man 8th"]
[Site "Port Erin IOM"]
[Date "1999.11.08"]
[Round "3"]
[White "Thorfinnsson, Bjorn"]
[Black "Parker, Jonathan"]
[Result "0-1"]
[WhiteElo "2195"]
[BlackElo "2523"]
[PlyCount "62"]
[EventDate "1999.11.06"]
[EventType "swiss"]
[EventRounds "9"]
[EventCountry "IOM"]

1. d4 Nf6 2. Nf3 d5 3. Bg5 e6 4. e3 c5 5. c3 Nbd7 6. Ne5 Qb6 7. Qa4 h6 8. Bxf6
gxf6 9. Nxd7 Bxd7 10. Qc2 Rc8 11. dxc5 Qxc5 12. Nd2 f5 13. Rg1 Rg8 14. Bd3 b5
15. a3 Qb6 16. Nf3 Bd6 17. g3 Rc7 18. Nd4 f4 19. exf4 Bxf4 20. Qe2 a6 21. Nf3
Bd6 22. Ne5 Rg5 23. Nxd7 Kxd7 24. Kf1 f5 25. Re1 Bc5 26. h4 Rg6 27. Bxf5 Rf6
28. g4 Qd6 29. Rg2 Rc8 30. Be4 Rcf8 31. f3 dxe4 0-1

[Event "Monarch Assurance Isle of Man 8th"]
[Site "Port Erin IOM"]
[Date "1999.11.08"]
[Round "3"]
[White "Tiviakov, Sergei"]
[Black "Baburin, Alexander"]
[Result "1/2-1/2"]
[WhiteElo "2611"]
[BlackElo "2593"]
[PlyCount "89"]
[EventDate "1999.11.06"]
[EventType "swiss"]
[EventRounds "9"]
[EventCountry "IOM"]

1. e4 Nf6 2. e5 Nd5 3. d4 d6 4. Nf3 c6 5. c4 Nc7 6. Nc3 dxe5 7. Nxe5 Nd7 8. Nf3
g6 9. Be2 Bg7 10. O-O O-O 11. Bf4 c5 12. dxc5 Ne6 13. Be3 Bxc3 14. bxc3 Ndxc5
15. Nd4 Bd7 16. Bf3 Rc8 17. Nxe6 Bxe6 18. Qd4 Re8 19. Bd5 b6 20. Rad1 Bxd5 21.
cxd5 Qd7 22. c4 Nb7 23. Rc1 Nd6 24. c5 bxc5 25. Rxc5 Nf5 26. Qc4 Nxe3 27. fxe3
Rxc5 28. Qxc5 Rc8 29. Qd4 Rc2 30. Rf2 Rc1+ 31. Rf1 Rxf1+ 32. Kxf1 Qf5+ 33. Ke2
Qc2+ 34. Qd2 Qe4 35. Kf2 h5 36. Qa5 Qf5+ 37. Ke2 Qd7 38. h3 Kg7 39. e4 Qb7 40.
Kf3 a6 41. Qc3+ f6 42. Qc6 Qb4 43. Qe6 Qc3+ 44. Kf2 Qd4+ 45. Kf3 1/2-1/2

[Event "Monarch Assurance Isle of Man 8th"]
[Site "Port Erin IOM"]
[Date "1999.11.09"]
[Round "4"]
[White "Baburin, Alexander"]
[Black "Agnos, Demetrios"]
[Result "1-0"]
[WhiteElo "2593"]
[BlackElo "2456"]
[PlyCount "57"]
[EventDate "1999.11.06"]
[EventType "swiss"]
[EventRounds "9"]
[EventCountry "IOM"]

1. d4 Nf6 2. c4 g6 3. Nf3 Bg7 4. g3 O-O 5. Bg2 d6 6. O-O Nc6 7. Nc3 a6 8. Re1
Rb8 9. Rb1 Re8 10. d5 Na5 11. Qd3 c5 12. b3 Bd7 13. a4 e6 14. dxe6 Bxe6 15. Bf4
Nh5 16. Bxd6 Bf5 17. e4 Bg4 18. e5 Nc6 19. Rbd1 Rc8 20. h3 Nxe5 21. Nxe5 Bxd1
22. Qxd1 Re6 23. Nxf7 Rxe1+ 24. Qxe1 Qe8 25. Ne5 Nf6 26. Nd5 Kh8 27. Nxf6 Bxf6
28. Bxb7 Rd8 29. Bc6 1-0

[Event "Monarch Assurance Isle of Man 8th"]
[Site "Port Erin IOM"]
[Date "1999.11.09"]
[Round "4"]
[White "Ellison, D George"]
[Black "Peters, Stephen"]
[Result "1/2-1/2"]
[WhiteElo "2100"]
[BlackElo "2158"]
[PlyCount "50"]
[EventDate "1999.11.06"]
[EventType "swiss"]
[EventRounds "9"]
[EventCountry "IOM"]

1. e4 e6 2. d4 d5 3. e5 c5 4. c3 Qb6 5. Nf3 Bd7 6. Be2 cxd4 7. cxd4 Bb5 8. O-O
Bxe2 9. Qxe2 Nc6 10. Nc3 Nge7 11. Qd3 Rd8 12. Na4 Qc7 13. Bd2 Nc8 14. Rac1 Nb6
15. Ba5 Bb4 16. Bxb4 Nxa4 17. Qa3 Nb6 18. b3 Qd7 19. Ba5 Qe7 20. Qxe7+ Kxe7 21.
Bxb6 axb6 22. a4 Rc8 23. Rfd1 Nb4 24. Ne1 Kd7 25. Kf1 Rxc1 1/2-1/2

[Event "Monarch Assurance Isle of Man 8th"]
[Site "Port Erin IOM"]
[Date "1999.11.09"]
[Round "4"]
[White "Emms, John"]
[Black "Hunt, Adam"]
[Result "1-0"]
[WhiteElo "2586"]
[BlackElo "2288"]
[PlyCount "119"]
[EventDate "1999.11.06"]
[EventType "swiss"]
[EventRounds "9"]
[EventCountry "IOM"]

1. e4 c5 2. c3 d6 3. d4 Nf6 4. Bd3 cxd4 5. cxd4 g6 6. Nf3 Bg7 7. h3 e5 8. dxe5
dxe5 9. O-O Nc6 10. Nc3 O-O 11. Be3 Nh5 12. Bc4 Nf4 13. Qxd8 Rxd8 14. Ng5 Be6
15. Nxe6 Nxe6 16. Bxe6 fxe6 17. Rfd1 Nd4 18. Rac1 Rac8 19. Kf1 Kf7 20. Ne2 Ke8
21. Bg5 Rxc1 22. Rxc1 Rd7 23. Rc8+ Kf7 24. Nc1 Nc6 25. Be3 Bf8 26. Ke2 Bd6 27.
Nd3 Rc7 28. Ra8 b6 29. a3 Rb7 30. a4 Bb8 31. b4 Bd6 32. b5 Rb8 33. Rxb8 Nxb8
34. a5 Nd7 35. a6 Ke7 36. Nb2 Bc5 37. Bg5+ Kd6 38. Nc4+ Kc7 39. Bc1 Bd4 40. Ba3
Bc5 41. Bb2 Bd4 42. Bxd4 exd4 43. f4 Nc5 44. e5 h6 45. Nd6 Kd7 46. g3 h5 47.
Kf3 Kc7 48. Ne4 Na4 49. Ke2 Nb2 50. Kd2 h4 51. gxh4 Nc4+ 52. Kd3 Ne3 53. h5
gxh5 54. Kxd4 Nf5+ 55. Kd3 h4 56. Ng5 Kd7 57. Nf3 Ke7 58. Nd4 Nxd4 59. Kxd4 Kf7
60. Ke3 1-0